10 Largest Cities in Every Subregion on a Map - Statistics

General Stats
  • This quiz has been taken 865 times
  • The average score is 149 of 220
Answers on the Map
Answers color-coded by a green-red scale on the quiz's map according to % correct below.
 
Answer Stats
Subregion City Population % Correct
Northern America New York 8.48 mil
99%
Northern America Chicago 2.72 mil
98%
Northern America Houston 2.39 mil
98%
Northern America Los Angeles 3.88 mil
98%
Northern America Toronto 3.27 mil
98%
Northern America Montréal 1.95 mil
96%
Carribean Havana 2.14 mil
95%
South America Lima 11.17 mil
95%
Northern Europe London 8.78 mil
95%
Western Europe Paris 2.11 mil
95%
South America Rio de Janeiro 6.73 mil
95%
South America Santiago 5.22 mil
95%
Western Europe Berlin 3.69 mil
94%
South America Bogotá 7.88 mil
94%
South America Buenos Aires 3.12 mil
94%
Southern Europe Madrid 3.42 mil
94%
Central America Mexico City 8.84 mil
94%
Eastern Europe Moscow 13.15 mil
94%
Northern America Philadelphia 1.57 mil
94%
Carribean Santiago de los Caballeros 613k
94%
South America São Paulo 11.89 mil
94%
Eastern Asia Tokyo 9.73 mil
94%
Western Europe Amsterdam 1.14 mil
93%
Southern Europe Barcelona 1.69 mil
93%
Eastern Asia Beijing 18.96 mil
93%
Southern Asia Delhi 16.35 mil
93%
Northern Europe Dublin 1.26 mil
93%
Eastern Europe Kyiv 2.95 mil
93%
Northern America Phoenix 1.67 mil
93%
Eastern Europe Warsaw 1.86 mil
93%
Southeastern Asia Bangkok 5.67 mil
92%
South America Brasília 2.89 mil
92%
Northern America Calgary 1.57 mil
92%
Southern Africa Cape Town 3.43 mil
92%
Southeastern Asia Jakarta 9.61 mil
92%
Southern Asia Mumbai 18.39 mil
92%
Northern Europe Oslo 724k
92%
Southern Europe Rome 2.75 mil
92%
Eastern Asia Seoul 9.59 mil
92%
Eastern Asia Shanghai 21.91 mil
92%
Eastern Europe St. Petersburg 5.6 mil
92%
Australia & New Zealand Sydney 5.14 mil
92%
Southern Asia Tehran 8.69 mil
92%
Western Europe Vienna 2.03 mil
92%
Northern Africa Algiers 2.36 mil
91%
Northern Africa Cairo 9.8 mil
91%
Western Europe Hamburg 1.86 mil
91%
Southern Africa Johannesburg 7.86 mil
91%
Carribean Kingston 585k
91%
Western Europe Marseille 877k
91%
Australia & New Zealand Melbourne 5.25 mil
91%
Western Europe Munich 1.51 mil
91%
Carribean Port-au-Prince 876k
91%
Northern Europe Stockholm 996k
91%
Eastern Europe Bucharest 1.72 mil
90%
Northern Africa Casablanca 3.22 mil
90%
Northern Europe Helsinki 684k
90%
Southern Europe Milan 1.37 mil
90%
Eastern Europe Minsk 2 mil
90%
Southern Europe Naples 908k
90%
Australia & New Zealand Perth 2.36 mil
90%
Carribean Santo Domingo 2.75 mil
90%
Eastern Europe Budapest 1.69 mil
89%
Southern Asia Dhaka 10.3 mil
89%
Northern Europe Glasgow 632k
89%
Southeastern Asia Ho Chi Minh City 7 mil
89%
Central Africa Kinshasa 8.9 mil
89%
Eastern Africa Nairobi 4.4 mil
89%
Northern America San Antonio 1.53 mil
89%
Southeastern Asia Singapore 6.11 mil
89%
Eastern Africa Addis Ababa 3.86 mil
88%
Northern Africa Alexandria 5.36 mil
88%
Northern Europe Birmingham 1.12 mil
88%
Southeastern Asia Hanoi 3.61 mil
88%
Southern Asia Karachi 18.87 mil
88%
Western Europe Rotterdam 868k
88%
Northern Africa Tripoli 1.29 mil
88%
Australia & New Zealand Auckland 1.44 mil
87%
Eastern Asia Guangzhou 16.1 mil
87%
Northern Africa Khartoum 1.41 mil
87%
Western Africa Lagos 7.1 mil
87%
Western Asia Istanbul 15.24 mil
86%
Southern Asia Kolkata 14.06 mil
86%
Southern Europe Seville 687k
86%
Southern Europe Valencia 824k
86%
Australia & New Zealand Brisbane 2.69 mil
85%
South America Medellín 2.55 mil
85%
Eastern Africa Mogadishu 1.65 mil
85%
Southern Europe Turin 857k
85%
Central Asia Astana 1.35 mil
84%
Western Europe Cologne 1.02 mil
84%
Eastern Africa Dar es Salaam 5.38 mil
84%
Central Africa Luanda 6.76 mil
84%
Northern Europe Riga 592k
84%
Eastern Asia Wuhan 10.49 mil
84%
Australia & New Zealand Adelaide 1.45 mil
83%
Western Asia Ankara 5.19 mil
83%
Southern Europe Belgrade 1.2 mil
83%
Central Africa Brazzaville 2.14 mil
83%
Western Africa Dakar 3.19 mil
83%
Central America Guadalajara 1.39 mil
83%
Southern Asia Lahore 13 mil
83%
Southern Africa Pretoria 1.76 mil
83%
Southern Africa Windhoek 486k
83%
Northern Europe Vilnius 592k
82%
Western Africa Accra 2.07 mil
81%
Western Asia Baghdad 6.72 mil
81%
Central Asia Tashkent 3.11 mil
81%
Western Europe The Hague 851k
81%
Southern Asia Bengaluru 8.52 mil
80%
Southern Asia Chennai 8.65 mil
80%
Eastern Africa Antananarivo 1.27 mil
79%
Eastern Africa Harare 1.52 mil
79%
Eastern Africa Kampala 1.8 mil
79%
Central America Monterrey 1.14 mil
79%
Carribean San Juan 323k
79%
Eastern Asia Shenzhen 17.44 mil
79%
Southern Africa Durban 2.79 mil
78%
Eastern Europe Kharkiv 1.42 mil
78%
Melanesia Port Moresby 364k
78%
Central America San José 1.45 mil
78%
Southeastern Asia Yangon 4.81 mil
78%
Central Asia Bishkek 1.1 mil
77%
Australia & New Zealand Canberra 511k
77%
Western Asia Damascus 2.69 mil
77%
Western Asia Dubai 3.57 mil
77%
Eastern Africa Lusaka 2.21 mil
77%
Western Asia Riyadh 6.92 mil
77%
Central Africa Yaoundé 3.76 mil
77%
Central Asia Almaty 2.16 mil
76%
Northern Europe Gothenburg 609k
76%
Southern Asia Hyderabad 7.68 mil
76%
Central Asia Ashgabat 1.03 mil
75%
Eastern Asia Chengdu 13.57 mil
74%
Central Asia Dushanbe 1.24 mil
74%
South America Guayaquil 2.65 mil
74%
Western Asia Izmir 2.95 mil
74%
Eastern Africa Kigali 1.52 mil
74%
Central Africa N'djamena 951k
74%
Western Africa Bamako 4.23 mil
73%
Southern Africa Bloemfontein 465k
73%
Southern Europe Zaragoza 691k
73%
Western Africa Abidjan 5.62 mil
72%
Western Africa Ouagadougou 2.42 mil
72%
Eastern Africa Mombasa 1.21 mil
71%
Eastern Asia Tianjin 11.05 mil
71%
Western Africa Kano 2.83 mil
70%
Western Asia Mecca 2.39 mil
70%
Western Asia Jeddah 3.71 mil
69%
Melanesia Suva 186k
69%
South America Fortaleza 2.58 mil
67%
Australia & New Zealand Gold Coast 751k
67%
Northern Africa Tangier 1.28 mil
67%
Southern Africa Gqeberha 876k
66%
Western Africa Lomé 2.19 mil
66%
Eastern Europe Yekaterinburg 1.54 mil
66%
Northern Africa Giza 4.46 mil
64%
Eastern Europe Novosibirsk 1.63 mil
64%
Southeastern Asia Surabaya 2.77 mil
64%
Central America Tijuana 1.81 mil
62%
Southeastern Asia Bandung 2.39 mil
60%
Central Africa Douala 3.82 mil
59%
Polynesia Apia 36k
58%
Central America Puebla 1.54 mil
58%
Melanesia Honiara 130k
54%
Central Africa Lubumbashi 1.63 mil
52%
Western Africa Ibadan 2.56 mil
50%
Southeastern Asia Quezon City 2.96 mil
50%
Melanesia Port Vila 50k
49%
Polynesia Nuku'alofa 21k
47%
Central Asia Samarkand 596k
46%
Western Asia Bursa 2.05 mil
44%
Micronesia Palikir 7k
43%
Western Africa Kumasi 2.04 mil
41%
Central America Ciudad Juárez 1.5 mil
40%
Australia & New Zealand Newcastle 534k
39%
Central America León de los Aldama 1.58 mil
37%
Central Africa Mbuji-Mayi 1.56 mil
35%
Central Africa Pointe-Noire 1.4 mil
35%
Australia & New Zealand Sunshine Coast 418k
32%
Carribean Santiago de Cuba 431k
30%
Melanesia Nouméa 94k
28%
Eastern Asia Dongguan 9.64 mil
27%
Polynesia Papeete 27k
26%
Central Asia Shymkent 1.19 mil
26%
Melanesia Lae 149k
23%
Carribean Camagüey 311k
21%
Northern Africa Omdurman 1.85 mil
21%
Micronesia Koror 10k
20%
Central America Ecatepec de Morelos 1.64 mil
19%
Micronesia Saipan 43k
18%
Central Asia Aktobe 560k
17%
Central Africa Bukavu 1.01 mil
17%
Southern Africa Pietermaritzburg 475k
16%
Carribean Carrefour 430k
12%
Central Asia Namangan 713k
12%
Central America Zapopan 1.26 mil
12%
Southeastern Asia Bekasi 2.33 mil
11%
Melanesia Nadi 71k
11%
Micronesia Weno 14k
9%
Polynesia Fa'a'a 30k
8%
Melanesia Lautoka 72k
6%
Southern Africa Soshanguve 728k
6%
Carribean Delmas 359k
5%
Southern Africa Evaton 606k
5%
Northern Africa Shubra el-Kheima 1.28 mil
5%
Melanesia Wewak 38k
5%
Micronesia Dededo 7k
4%
Melanesia Nausori 58k
3%
Polynesia Arue 10k
2%
Micronesia Betio 18k
2%
Polynesia Mahina 15k
2%
Polynesia Pa'ea 13k
2%
Polynesia Papara 12k
2%
Polynesia Pira'e 14k
2%
Polynesia Punaauia 29k
2%
Micronesia Bikenibeu 8k
1%
Micronesia Ebeye 8k
1%
Micronesia Kitti 6k
1%
Micronesia Nett 7k
1%
No matching quizzes found
Score Distribution
Percent of People with Each Score
Percentile by Number Answered
Your Score History
You have not taken this quiz